Latvian Higher League Champions - Statistics

General Stats
  • This quiz has been taken 14 times
  • The average score is 29 of 35
Answer Stats
Hint Answer % Correct
1991 Skonto Riga
100%
1992 Skonto Riga
100%
1993 Skonto Riga
100%
1994 Skonto Riga
100%
1995 Skonto Riga
100%
1996 Skonto Riga
100%
1997 Skonto Riga
100%
1998 Skonto Riga
100%
1999 Skonto Riga
100%
2000 Skonto Riga
100%
2001 Skonto Riga
100%
2002 Skonto Riga
100%
2003 Skonto Riga
100%
2004 Skonto Riga
100%
2010 Skonto Riga
100%
2021 RFS
92%
2023 RFS
92%
2024 RFS
92%
2018 Riga FC
92%
2019 Riga FC
92%
2020 Riga FC
92%
2025 Riga FC
92%
2006 FK Ventspils
75%
2007 FK Ventspils
75%
2008 FK Ventspils
75%
2011 FK Ventspils
75%
2013 FK Ventspils
75%
2014 FK Ventspils
75%
2022 Valmiera
75%
2016 FK Spartak Jurmala
50%
2017 FK Spartak Jurmala
50%
2005 Liepajas Metalurgs
42%
2009 Liepajas Metalurgs
42%
2012 Daugava Daugavpils
33%
2015 FK Liepaja
17%
No matching quizzes found
Score Distribution
Percent of People with Each Score
Percentile by Number Answered
Your Score History
You have not taken this quiz